[Event "Collado Villalba op 40th"]
[Site "Collado Villalba"]
[Date "2023.08.24"]
[Round "3"]
[White "Zhou, Yang"]
[Black "Cao Armillas, Jesus"]
[Result "0-1"]
[WhiteElo "1455"]
[BlackElo "2027"]
[PlyCount "72"]
[EventDate "2023.08.22"]
[EventType "swiss"]
[EventRounds "9"]
[EventCountry "ESP"]
[SourceTitle "EXT 2024"]
[Source "ChessBase"]
[SourceDate "2023.10.10"]
[SourceVersion "1"]
[SourceVersionDate "2023.10.10"]
[SourceQuality "1"]

1. e4 c5 2. Nf3 e6 3. d4 cxd4 4. Nxd4 Nc6 5. Nc3 a6 6. Be3 Qc7 7. a3 Nf6 8. Bd3 Bd6 9. h3 Be7 10. 0-0 d6 11. Nxc6 bxc6 12. Re1 e5 13. f4 0-0 14. fxe5 dxe5 15. Qe2 a5 16. Bc4 a4 17. Bf2 Nd7 18. Kh1 Bc5 19. Bg3 Nb6 20. Ba2 Qe7 21. Qh5 Nd7 22. Qf3 Kh8 23. Rad1 f6 24. Bh4 Re8 25. Ne2 Nf8 26. Qh5 Ng6 27. Bg3 Be6 28. Bxe6 Qxe6 29. Bh2 Reb8 30. Rb1 Rb7 31. Nc3 Bd4 32. Qf3 Qc4 33. Bg1 Rab8 34. Qf5 Ne7 35. Qg4 Bxc3 36. Red1 Bd4 0-1

[Event "Mostoles op 12th"]
[Site "Mostoles"]
[Date "2023.07.29"]
[Round "7"]
[White "Zhou, Yang"]
[Black "Ruiz Roldan, Esther"]
[Result "1-0"]
[WhiteElo "1347"]
[BlackElo "1184"]
[PlyCount "77"]
[EventDate "2023.07.23"]
[EventType "swiss"]
[EventRounds "8"]
[EventCountry "ESP"]
[SourceTitle "CBM 215 Extra"]
[Source "ChessBase"]
[SourceDate "2023.09.30"]
[SourceVersion "1"]
[SourceVersionDate "2023.09.30"]
[SourceQuality "1"]

1. e4 c5 2. Nf3 Nc6 3. d4 cxd4 4. Nxd4 Nf6 5. Nc3 d6 6. Bg5 e6 7. Qd2 g6 8. 0-0-0 Bg7 9. Nb3 0-0 10. Qxd6 Qxd6 11. Rxd6 Ng4 12. f3 Be5 13. Rd2 h6 14. fxg4 hxg5 15. Kb1 f5 16. gxf5 gxf5 17. exf5 Rxf5 18. Bd3 Rf7 19. Ne4 Bf4 20. Rf2 Ne5 21. g3 Nxd3 22. cxd3 Be3 23. Rxf7 Kxf7 24. Re1 Bb6 25. Nxg5+ Ke7 26. d4 Bd7 27. d5 Rg8 28. Nxe6 Bxe6 29. dxe6 Rg6 30. Kc2 Rxe6 31. Rxe6+ Kxe6 32. Nd2 Kf5 33. Kd3 Kg4 34. Ke4 Bg1 35. Nf3 Bc5 36. Kd5 b6 37. Ne5+ Kg5 38. Ke4 Kf6 39. Nd7+ 1-0